History Quiz

Random History or German Quiz

The Greatest Germans (clickable) Quiz Stats

Quiz not verified by Sporcle

Challenge
Share
Tweet
Embed
Score 0/100 Timer 20:00
0 Plays Today
% Correct
Luther, Martin
83.1%
Einstein, Albert
80%
Schindler, Oskar
79.7%
Becker, Boris
77.1%
Marx, Karl
76.6%
Gutenberg, Johannes
76.4%
Schumacher, Michael
75.1%
Goethe, Johann Wolfgang von
74%
Benz, Carl Friedrich
73.5%
Nena
72.7%
Graf, Steffi
72.2%
the rubble women (die Trümmerfrauen)
71.9%
Bismarck, Otto von
71.2%
Beethoven, Ludwig van
69.6%
Wagner, Richard
69.1%
Mozart, Wolfgang Amadeus
69.1%
Adenauer, Konrad
68.6%
Röntgen, Wilhelm Conrad
68.1%
Beckenbauer, Franz
64.9%
Bach, Johann Sebastian
64.9%
Kohl, Helmut
63.1%
Dietrich, Marlene
62.9%
Frederick II., dubbed Frederick the Great (Friedrich II, genannt Friedrich der Große)
62.3%
Nietzsche, Friedrich
61.8%
Witt, Katarina
61.8%
Kant, Immanuel
60.5%
Nowitzki, Dirk
58.7%
Hesse, Hermann
56.1%
Brandt, Willy
55.8%
Schenk Graf von Stauffenberg, Claus
55.6%
Scholl, Hans and Sophie
55.1%
Schmeling, Max
54.8%
Mann, Thomas
54.5%
Schröder, Gerhard
52.7%
% Correct
Elisabeth ('Sisi')
49.9%
Duden, Konrad
49.4%
Ullrich, Jan
49.1%
Dürer, Albrecht
48.8%
Hildegard of Bingen
48.6%
Bosch, Robert
48.3%
Uhse, Beate
47.8%
May, Karl
47.5%
Schneider, Romy
47.3%
Schweitzer, Albert
46.8%
Frederick II, HRE (Friedrich II, HRR)
45.5%
Seeler, Uwe
44.9%
Braun, Wernher von
44.4%
Völler, Rudi
43.4%
Gauß, Carl Friedrich
42.9%
Gottschalk, Thomas
42.6%
Nicole
42.1%
Hannawald, Sven
41.6%
Grönemeyer, Herbert
41%
Schmidt, Helmut
40.8%
Dutschke, Rudi
40.3%
Schiller, Friedrich (von)
39.7%
Strauß, Franz Josef
39.2%
Bohlen, Dieter
39.2%
Jauch, Günther
39%
Fischer, Joschka
38.4%
Weizsäcker, Richard von
38.4%
Campino
38.2%
Walter, Fritz
37.9%
Heino
37.4%
Last, James
37.1%
Genscher, Hans-Dietrich
37.1%
Schwarzer, Alice
36.9%
Mey, Reinhard
36.1%
% Correct
Bonhoeffer, Dietrich
35.8%
Küblböck, Daniel
35.3%
Bülow, Vicco von ('Loriot')
34%
Rahn, Helmut
33.2%
Heine, Heinrich
31.9%
Erhard, Ludwig
31.7%
Lilienthal, Otto
31.4%
Frentzen, Heinz-Harald
31.4%
Rühmann, Heinz
31.2%
Schmidt, Harald
30.9%
Beuys, Joseph
30.6%
Albertus Magnus
30.6%
Black, Roy
29.6%
Humboldt, Alexander von
28.3%
Millowitsch, Willy
27.8%
Zuse, Konrad
27.8%
Koch, Robert
26.2%
Engler, Hartmut
26.2%
Böhm, Karlheinz
26.2%
Erhardt, Heinz
23.6%
Lindner, Patrick
22.3%
Kneipp, Sebastian
20.8%
Lehmann, Karl
19.7%
Kraus, Peter
19.2%
Bodelschwingh, Friedrich von
18.7%
Kolping, Adolph
17.7%
Hahnemann, Samuel
15.1%
Elser, Georg
14.3%
Hildebrandt, Regine
13.5%
Dönhoff, Marion Gräfin
10.9%
Kentenich, Joseph
8.3%
Apel, Wolfgang
7.5%

You're not logged in!

Compare scores with friends on all Sporcle quizzes.
Sign Up with Email
OR
Log In

You Might Also Like...

Show Comments

Extras

Top Quizzes Today


Score Distribution

Your Account Isn't Verified!

In order to create a playlist on Sporcle, you need to verify the email address you used during registration. Go to your Sporcle Settings to finish the process.